Liedtext - So wie du bist - MoTrip feat. Lary - Statistiken

Allgemein
  • Dieses Quiz wurde 502 mal gespielt
  • Das Durchschnittsergebnis liegt bei 470 aus 618
Antwortstatistiken
Textquiz % Korrekt
du
100%
Du
100%
so
100%
So
100%
wie
99%
bis
98%
die
97%
Die
97%
bist
96%
an
95%
und
95%
Und
95%
ich
94%
Ich
94%
bleib
93%
Bleib
93%
ander'n
92%
der
91%
sich
91%
Lass
89%
lass
89%
verändern
89%
da
85%
dich
85%
bin
76%
mag
76%
anderen
74%
das
74%
hab'
74%
hab
74%
nicht
74%
brauch
73%
zu
72%
sie
71%
Sie
71%
den
70%
deine
69%
dir
69%
er
69%
sei
69%
mit
68%
Denn
67%
denn
67%
meine
67%
mich
67%
es
66%
hast
66%
auf
65%
nur
64%
Nur
64%
wär'
64%
war
64%
wenn
64%
nie
63%
als
62%
ein
62%
im
62%
Kann
62%
kann
62%
alle
61%
Auch
60%
Liebe
60%
mir
60%
Kaffee
58%
Mathe
58%
studiert
58%
nach
57%
serviert
57%
dass
56%
Gott
56%
Chef
55%
Dank
55%
Hause
55%
in
55%
ja
55%
Papa
54%
probiert
54%
sogar
54%
war'n
54%
gern
53%
hier
53%
kapituliert
53%
Mama
53%
meinem
53%
meinen
53%
deiner
52%
mal
52%
sage
52%
über
52%
Um
52%
gebracht
51%
Krawatte
51%
Taxi
51%
will
51%
ist
50%
Ist
50%
nix
50%
Passt
50%
passt
50%
sagte
50%
schockiert
50%
alles
49%
Aufgaben
49%
nichts
49%
verliert
49%
Akten
48%
artikulier'n
48%
Fassung
48%
für
47%
Praktikum
47%
überhaupt
47%
uns
47%
halten
46%
ihr
46%
Wasser
46%
gerne
45%
Leute
45%
Meinung
45%
sortiert
45%
dann
44%
diese
44%
heut
44%
kutschiert
44%
dein'n
43%
keiner
43%
perfekt
43%
von
43%
hätte
42%
mehr
42%
sagen
42%
Ah
41%
Asi
41%
fragten
41%
Gassi
41%
Hund
41%
jeder
41%
Natur
41%
Frisur
40%
geführt
40%
weißt
40%
Figur
39%
kennst
38%
Kur
38%
Fehler
37%
liegt
37%
Luftschlösser
37%
versucht
37%
Am
36%
aufbau'n
36%
aus
36%
Bescheid
36%
bleibe
36%
braucht
36%
kopiert
36%
Kultur
36%
leider
36%
'nem
36%
seit
36%
vieles
36%
Details
35%
keinerlei
35%
schon
35%
Staub
35%
zählte
35%
Bereicherung
34%
dennoch
34%
gefalle
34%
komm
34%
pur
34%
Schatz
34%
wohl
34%
zusammen
34%
beiden
33%
gehst
33%
immatrikuliert
33%
Mappen
33%
Vergiss
33%
Damit
32%
glaub
32%
Land
32%
meinte
32%
Schritt
32%
sind
32%
begeistert
31%
besser
31%
erfuhr'n
31%
Erscheinung
31%
vergisst
31%
Geburt
30%
formen
29%
Spur
29%
wirklich
29%
Anfang
28%
eigenen
28%
wirbelt
28%
Uhr
27%
lieber
26%
Mode
26%
Teil
26%
Zeiger
26%
Fitness
25%
Genug
25%
Normen
25%
Tortur
25%
alleine
24%
bleiben
24%
Tour
24%
fast
23%
Kohle
23%
Seite
23%
lässt
22%
stur
22%
guten
21%
Business
20%
Gewissens
20%
Schwur
19%
leiste
18%
drum
17%
begriffen
13%
Keine übereinstimmenden Quizze gefunden
Verteilung der Resultate
Anzahl Personen mit jedem Resultat
Perzentil nach korrekt beantworteten Fragen
Ihre Resultats-Entwicklung
Sie haben dieses Quiz noch nicht gespielt